Hamilton Lyrics Sort #13 - Wait For It - Statistics

General Stats
  • This quiz has been taken 39 times
  • The average score is 20 of 76
Answer Stats
Hint Answer % Correct
Line 1 Theodosia writes me a letter every day
100%
Line 5 But he can keep all of Georgia
92%
Line 3 He's on the British side in Georgia
92%
Line 4 he's trying to keep the colonies inline
92%
Line 2 I'm keeping the bed warm while her husband is away
92%
Line 6 Theodosia, she's mine
92%
Line 10 And we keep loving anyway
62%
Line 8 Between the sinners and the saints [1]
62%
Line 9 It takes and it takes and it takes [1]
62%
Line 7 Love doesn't discriminate
62%
Line 13 And if there's a reason I'm by her side
54%
Line 18 My grandfather was a fire and brimstone preacher
54%
Line 15 Then I'm willing to wait for it
54%
Line 14 When so many have tried
54%
Line 12 And we make our mistakes [1]
46%
Line 20 But there are things that the
46%
Line 21 Homilies and hymns won't teach ya
46%
Line 16 I'm willing to wait for it [1]
46%
Line 26 Just a legacy to protect
46%
Line 24 My father commanded respect (respect, respect)
46%
Line 23 My mother was a genius (genius)
46%
Line 11 We laugh and we cry and we break
46%
Line 25 When they died they left no instructions
46%
Line 28 Between the sinners and the saints [2]
38%
Line 27 Death doesn't discriminate
38%
Line 29 It takes and it takes and it takes [2]
38%
Line 33 And if there's a reason I'm still alive [1]
31%
Line 30 And we keep living anyway [1]
31%
Line 32 And we make our mistakes [2]
31%
Line 31 We rise and we fall and we break
31%
Line 34 When everyone who loves me has died
31%
Line 17 I'm willing to wait for it [2]
15%
Line 22 (Teach ya, teach ya, teach ya)
15%
Line 58 And he keeps winning anyway
8%
Line 61 And if there's a reason he seems to thrive when so few survive, the goddamnit
8%
Line 70 And if there's a reason I'm still alive [2]
8%
Line 65 Between the sinners and the saints [3]
8%
Line 48 (Climb, climb, climb)
8%
Line 55 Hamilton doesn't hesistate
8%
Line 47 Hamilton faces an endless uphill climb
8%
Line 52 Hamilton's pace is relentless
8%
Line 59 He changes the game
8%
Line 56 He exhibits no restraint
8%
Line 50 He has nothing to lose
8%
Line 49 He has something to prove
8%
Line 60 He plays and he raises the stakes
8%
Line 57 He takes and he takes and he takes
8%
Line 53 He wastes no time (time, time, time)
8%
Line 41 I am an original
8%
Line 40 I am inimitable
8%
Line 46 I am lying it wait (wait, wait, wait)
8%
Line 38 I am the one thing in life I can control
8%
Line 43 I'm not falling behind or running late
8%
Line 45 I'm not standing still
8%
Line 36 I'm willing to wait for it [3]
8%
Line 63 I'm willing to wait for it [4]
8%
Line 35 I'm willing to wait for it (wait for it) [1]
8%
Line 62 I'm willing to wait for it (wait for it) [2]
8%
Line 66 It takes and it takes and it takes [3]
8%
Line 64 Life doesn't discriminate
8%
Line 51 (Lose, lose, lose, lose)
8%
Line 19 (Preacher, preacher, reacher)
8%
Line 72 Then I'm willin' to-
8%
Line 76 (Wait)
8%
Line 73 Wait for it (wait for it, wait for it) [1]
8%
Line 74 Wait for it (wait for it, wait for it) [2]
8%
Line 37 (Wait for it, wait for it, wait for it, wait for it) [1]
8%
Line 39 (Wait for it, wait for it, wait for it, wait for it) [2]
8%
Line 42 (Wait for it, wait for it, wait for it, wait for it) [3]
8%
Line 44 (Wait for it, wait for it, wait for it, wait for it) [4]
8%
Line 68 We rise and we fall (we rise)
8%
Line 54 What is it like in his shoes?
8%
Line 71 When so many have died
8%
Line 69 (And we fall) and we break and we make our mistakes
0%
Line 67 (And we keep living anyway) [2]
0%
Line 75 (Wait for it, wait for it, wait for it, wait for it, wait for it)
0%
No matching quizzes found
Score Distribution
Percent of People with Each Score
Percentile by Number Answered
Your Score History
You have not taken this quiz